| 000 | 01604nam a2200493 a 4500 | ||
|---|---|---|---|
| 999 |
_c118440 _d118440 |
||
| 003 | BLK | ||
| 005 | 20241129104255.0 | ||
| 008 | 180409b bul|||||r ||||||| ||bul|| | ||
| 010 | _aKNG00124042000 | ||
| 040 | _aBLK | ||
| 041 |
_aBUL _cBUL |
||
| 072 | 7 |
_2bullib _aК _xКраезнание |
|
| 080 |
_aКраезнание _b908 _x(497.21-22) _z908(497.21-22) |
||
| 100 | 1 |
_aКиров, Иван Томов _eпърви автор _9265748 |
|
| 139 |
_aКиров, Иван Томов _bК 59 |
||
| 245 | 1 | 0 |
_aИз миналото на село Ценово, Русенски окръг _bГеогр., ист., етногр. и стоп. очерк _cИван Томов Киров. |
| 257 | _aBGR | ||
| 260 |
_aСофия _bОФ _c1972 |
||
| 300 |
_a160 с. _bс портр. и к. _c20 см |
||
| 380 | _a9 | ||
| 500 | _a1 500 тир. | ||
| 504 | _aБиблиогр. с. 157-158. | ||
| 650 | 4 |
_aСела - България - история _9243048 |
|
| 651 | 4 |
_aЦеново _9179760 |
|
| 651 | 4 |
_aРусенско _9179464 |
|
| 651 | 4 |
_aБългария _9241624 |
|
| 653 | _aЦеново | ||
| 653 | _aсела | ||
| 653 | _aистория | ||
| 653 | _aгеография | ||
| 653 | _aетнография | ||
| 653 | _aстопанство | ||
| 659 | _aК | ||
| 852 |
_aЦб 64739 _bЦб |
||
| 852 | _aК 908(497.2)/К 59 И | ||
| 856 | 4 | _qpdf | |
| 856 | 4 | _qpdf | |
| 942 |
_cKNG _n0 _06 _s1 |
||
| 944 |
_aCR _c29.06.2011 _lИвелин Русев _k30563 |
||
| 944 |
_aED _c2022-07-26 _kКети |
||
| 999 | _d118440 | ||
| 999 | _d118440 | ||
| 999 | _d118440 | ||